00685cam a22002531 4500001001300000003000400013005001700017008004100034010001700075035002000092040001800112042001200130043001200142050001500154100003800169245005100207260001100258300001800269500005700287500001400344504003100358651002500389999001700414sa 68016877 DLC20260227112658.0890914s1965 ii b 000 0 hino  asa 68016877  a(OCoLC)20345430 aDLCcWaUdDLC apremarc aa-ii---00aDS425b.J51 aJijñāsu, Candrikāprasāda.10aBhārata ke ādinivāsiyoṃ kī sabhyata. c[1965] a78 p.c19 cm. aComprises only the fourth chapter of the total work. aIn Hindi. aBibliographical footnotes. 0aIndiaxCivilization. c87370d87370